The Law of Evidence: (Record no. 586898)
[ view plain ]
| 000 -LEADER | |
|---|---|
| fixed length control field | 00464nam a22001337a 4500 |
| 082 ## - DEWEY DECIMAL CLASSIFICATION NUMBER | |
| Classification number | 347.4105 MAH |
| 100 ## - MAIN ENTRY--PERSONAL NAME | |
| Personal name | Mahmood, Shaukat & Shaukat, Nadeem |
| 245 ## - TITLE STATEMENT | |
| Title | The Law of Evidence: |
| Remainder of title | An Exhaustive Commentary on Qanun-e-Shahadat Order (Order X of 1984) / |
| Statement of responsibility, etc. | Shaukat Mahmood & Nadeem Shaukat |
| 260 ## - PUBLICATION, DISTRIBUTION, ETC. | |
| Place of publication, distribution, etc. | Lahore : |
| Name of publisher, distributor, etc. | Legal Research Centre, |
| Date of publication, distribution, etc. | 2019. |
| 300 ## - PHYSICAL DESCRIPTION | |
| Dimensions | 24 cm. |
| 942 ## - ADDED ENTRY ELEMENTS (KOHA) | |
| Source of classification or shelving scheme | |
| Koha item type | Book |
| Withdrawn status | Lost status | Source of classification or shelving scheme | Materials specified (bound volume or other part) | Damaged status | Not for loan | Permanent Location | Current Location | Shelving location | Date acquired | Source of acquisition | Total Checkouts | Total Renewals | Full call number | Barcode | Checked out | Date last seen | Date last checked out | Price effective from | Koha item type |
|---|---|---|---|---|---|---|---|---|---|---|---|---|---|---|---|---|---|---|---|
| 1089 p. Volume-1 | NUST Law School (NLS) | NUST Law School (NLS) | Law | 11/28/2021 | Pakistan Law House | 2 | 1 | 347.4105 MAH | CL-884 | 12/17/2023 | 09/13/2023 | 09/13/2023 | 11/28/2021 | Book | |||||
| 849 p. Volume-2 | NUST Law School (NLS) | NUST Law School (NLS) | Law | 11/28/2021 | Pakistan Law House | 1 | 347.4105 MAH | CL-885 | 03/30/2022 | 02/22/2022 | 11/28/2021 | Book |
